Automatic Knot Detection in the Piecewise-Cubic Approximation : (Algorithm and MS .NET Components)

Bibliographic Details
Main Authors: Dikoussar, N. D. (Author), Török, Cs (Author)
Format: Article
Language:English

MARC

LEADER 00000nab a2200000 a 4500
001 vtls011126384
003 SK-MaSNL
005 20260304000230.0
008 230218|2005 xo |||||||||||||||||eng|
015 |a SNBRB 
035 |a (uuid)957c9ebe-a22d-433e-93a7-6e8e283ba1e1 
035 |a (urnnbn)urn:nbn:sk:snk:ar-a09el9 
035 |a urn:nbn:sk:snk-aba3p2 
040 |a SNKBUCL  |b slo  |c SNKBUCL  |e AACR2 
041 0 |a eng 
044 |a xo  |c SK 
100 1 |a Dikoussar, N. D.  |4 aut  |9 1275545 
245 1 0 |a Automatic Knot Detection in the Piecewise-Cubic Approximation :  |b (Algorithm and MS .NET Components)  |c N. D. Dikoussar, Cs. Török 
700 1 |a Török, Cs.  |4 aut  |9 825351 
773 0 |t Forum statisticum Slovacum  |g Roč. 1, č. 3 (2005), s. 160-165 
958 |a OND 
958 |a EUIPO 
958 |a article13 
999 |c 2530313  |d 2532243